Super Smash Bros. Characters by Mario Emblem #2 - Statistics

General Stats
  • This quiz has been taken 75 times
  • The average score is 10 of 16
Answer Stats
Picture Hint Answer % Correct
Organization Symbol Fox
92%
Dress Zelda
92%
Series Symbol Wii Fit Trainer
87%
Signature Weapon Cloud
82%
Character Symbol Captain Falcon
80%
Character Symbol Samus
78%
Series Symbol Mega Man
73%
Signature Weapon Shulk
73%
Necklace Sora
63%
Shield Hero
62%
Signature Weapon Simon
62%
Character Symbol Min Min
48%
Character Symbol Palutena
47%
Organization Symbol Snake
37%
Character Symbol Meta Knight
35%
Birthmark Lucina
32%
No matching quizzes found
Score Distribution
Percent of People with Each Score
Percentile by Number Answered
Your Score History
You have not taken this quiz